Everton Goalkeepers w/ Most Apps p/ Season Quiz Stats

 Plays Quiz not verified by Sporcle

Score 0/72 Timer 06:00
0 Plays Today
Season Goalkeeper % Correct
2006-07Tim Howard
96%
2007-08Tim Howard
96%
2008-09Tim Howard
96%
2009-10Tim Howard
96%
2010-11Tim Howard
96%
2011-12Tim Howard
96%
2012-13Tim Howard
96%
2013-14Tim Howard
96%
2014-15Tim Howard
96%
2015-16Tim Howard
96%
2017-18Jordan Pickford
91%
1981-82Neville Southall
86.8%
1983-84Neville Southall
86.8%
1984-85Neville Southall
86.8%
1985-86Neville Southall
86.8%
1986-87Neville Southall
86.8%
1987-88Neville Southall
86.8%
1988-89Neville Southall
86.8%
1989-90Neville Southall
86.8%
1990-91Neville Southall
86.8%
1991-92Neville Southall
86.8%
1992-93Neville Southall
86.8%
1993-94Neville Southall
86.8%
1994-95Neville Southall
86.8%
1995-96Neville Southall
86.8%
1996-97Neville Southall
86.8%
2016-17Joel Robles
69.8%
2003-04Nigel Martyn
65.3%
2004-05Nigel Martyn
65.3%
2005-06Nigel Martyn
65.3%
2002-03Richard Wright
51.2%
1999-00Paul Gerrard
50.4%
2000-01Paul Gerrard
50.4%
1997-98Thomas Myhre
48.2%
1998-99Thomas Myhre
48.2%
1962-63Gordon West
37.7%
Season Goalkeeper % Correct
1963-64Gordon West
37.7%
1965-66Gordon West
37.7%
1966-67Gordon West
37.7%
1967-68Gordon West
37.7%
1968-69Gordon West
37.7%
1969-70Gordon West
37.7%
1971-72Gordon West
37.7%
2001-02Steve Simonsen
35.1%
1977-78George Wood
26.5%
1978-79George Wood
26.5%
1974-75Dai Davies
25.4%
1976-77Dai Davies
25.4%
1982-83Jim Arnold
18.1%
1946-47Ted Sagar
17.9%
1947-48Ted Sagar
17.9%
1948-49Ted Sagar
17.9%
1950-51Ted Sagar
17.9%
1972-73David Lawson
17.4%
1973-74David Lawson
17.4%
1975-76David Lawson
17.4%
1979-80Martin Hodge
13.3%
1964-65Andy Rankin
12.1%
1970-71Andy Rankin
12.1%
1980-81Jim McDonagh
11.1%
1956-57Albert Dunlop
8.9%
1957-58Albert Dunlop
8.9%
1958-59Albert Dunlop
8.9%
1959-60Albert Dunlop
8.9%
1960-61Albert Dunlop
8.9%
1961-62Albert Dunlop
8.9%
1951-52Jimmy O'Neill
5.1%
1952-53Jimmy O'Neill
5.1%
1953-54Jimmy O'Neill
5.1%
1954-55Jimmy O'Neill
5.1%
1955-56Jimmy O'Neill
5.1%
1949-50George Burnett
1.9%

You're not logged in!

Compare scores with friends on all Sporcle quizzes.
OR
Log In

Sporcle TV

Today on Sporcle TV


Watch our educational content, quiz creation guides, and fun videos on Sporcle TV.

Show Comments

Extras

Top Quizzes Today


Score Distribution

Your Account Isn't Verified!

In order to create a playlist on Sporcle, you need to verify the email address you used during registration. Go to your Sporcle Settings to finish the process.

Report this User

Report this user for behavior that violates our Community Guidelines.

Details: